Escritos : (Record no. 181855)

MARC details
000 -LEADER
campo de control de longitud fija 01119nam a2200277 i 4500
001 - NÚMERO DE CONTROL
campo de control 181855
003 - IDENTIFICADOR DE NÚMERO DE CONTROL
campo de control ES-MaACL
005 - FECHA Y HORA DE LA ÚLTIMA TRANSACCIÓN
campo de control 20251114150256.0
008 - DATOS DE LONGITUD FIJA--INFORMACIÓN GENERAL
campo de control de longitud fija 130430s2012 sp a | |||||||| | spa d
020 ## - NÚMERO INTERNACIONAL ESTÁNDAR DEL LIBRO
Número Internacional Estándar del Libro 978-84-8109-969-0 (Galaxia Gutenberg)
020 ## - NÚMERO INTERNACIONAL ESTÁNDAR DEL LIBRO
Número Internacional Estándar del Libro 978-84-672-4862-3 (Círculo de Lectores)
080 ## - NÚMERO DE LA CLASIFICACIÓN DECIMAL UNIVERSAL
Número de la Clasificación Decimal Universal 7.01
100 1# - ENTRADA PRINCIPAL--NOMBRE DE PERSONA
Nombre de persona Duchamp, Marcel,
Fechas asociadas al nombre 1887-1968
9 (RLIN) 237777
245 10 - MENCIÓN DEL TÍTULO
Título Escritos :
Resto del título Duchamp del signo, seguido de Notas /
Mención de responsabilidad, etc. Marcel Duchamp ; escritos reunidos y presentados por Michel Sanouillet y Paul Matisse ; edición en español dirigida por José Jiménez.
250 ## - MENCION DE EDICION
Mención de edición 1ª ed.
260 ## - PUBLICACIÓN, DISTRIBUCIÓN, ETC.
Lugar de publicación, distribución, etc. Barcelona :
Nombre del editor, distribuidor, etc. Galaxia Gutenberg :
-- Círculo de Lectores,
Fecha de publicación, distribución, etc. 2012.
300 ## - DESCRIPCIÓN FÍSICA
Extensión 556 p., [32] p. de lám. col. y n. :
Otras características físicas il. ;
Dimensiones 22 cm.
504 ## - NOTA DE BIBLIOGRAFÍA, ETC.
Nota de bibliografía, etc. Bibliografía: p. 507-526. Índices.
650 04 - PUNTO DE ACCESO ADICIONAL DE MATERIA--TÉRMINO DE MATERIA
Término de materia o nombre geográfico como elemento de entrada Arte-
Subdivisión general Filosofía.
9 (RLIN) 10099
700 1# - ENTRADA AGREGADA--NOMBRE PERSONAL
Nombre de persona Sanouillet, Michel.
9 (RLIN) 152657
700 1# - ENTRADA AGREGADA--NOMBRE PERSONAL
Nombre de persona Matisse, Paul.
9 (RLIN) 152658
700 1# - ENTRADA AGREGADA--NOMBRE PERSONAL
Nombre de persona Jiménez, José,
Fechas asociadas al nombre 1951-
9 (RLIN) 152659
852 ## - LOCALIZACIÓN
Ubicación ES-MaACL
Número de control de estantería A-12679
itemnumber 188763
Sublocalización o colección R.148810
Ubicación en estantería Depósito 1
Signatura antigua Olim: N-5680
942 ## - ELEMENTOS DE ENTRADA SECUNDARIOS (KOHA)
Fuente del sistema de clasificación o colocación Clasificación decimal universal
Tipo de ítem Koha Libro impreso
Holdings
Estatus retirado Estado de pérdida Fuente del sistema de clasificación o colocación Estado de daño No para préstamo Biblioteca de origen Biblioteca actual Ubicación en estantería Fecha de adquisición Fuente de adquisición Total de préstamos Signatura topográfica completa Código de barras Visto por última vez Precio de reemplazo Tipo de ítem Koha
    Clasificación decimal universal     Biblioteca del Ateneo de Madrid Biblioteca del Ateneo de Madrid Depósito 1 30/04/2013 Compra   A-12679 1191113 23/02/2023 23/02/2023 Libro impreso